000
00301nam a22001337a 4500
008
170630b xxu||||| |||| 00| 0 eng d
020
_a
9780195123869
041
_a
eng
080
_a
94
100
_a
18
101
_a
18
245
_a
A READER IN PEACE STUDIES
_c
BARASH.D.P
942
_2
udc
_c
BK
999
_c
19713
_d
19713